[Event "Deutsche Ländermeisterschaft 2015"]
[Site "Hannover GER"]
[Date "2015.10.04"]
[Round "3"]
[White "Ratay, Meike"]
[Black "Ley, Sabrina"]
[Result "0-1"]
[Termination "normal"]
[Board "3.7"]
[WhiteElo "1611"]
[BlackElo "1833"]
[WhiteClock "00:33:10"]
[BlackClock "00:30:29"]
[WhiteTeam "Thüringen"]
[BlackTeam "Rheinland-Pfalz"]
[PlyCount "86"]
[WhiteFideId "12977608"]
[BlackFideId "12938130"]
[EventCountry "GER"]
[EventRounds "7"]
[EventType "team-swiss"]
[EventDate "2015.10.02"]

1. e4 c5 2. Nf3 d6 3. d4 cxd4 4. Nxd4 Nf6 5. Nc3 a6 6. Be2 e5 7. Nb3 Be6 8. Be3
Nbd7 9. f3 h5 10. Qd2 Rc8 11. O-O b5 12. Rac1 Be7 13. Rfd1 Nb6 14. Na5 O-O 15.
a3 Qc7 16. h3 d5 17. exd5 Nbxd5 18. Nxd5 Nxd5 19. Bf2 Nf4 20. Nb3 Rfd8 21. Bd3
Qd7 22. Qe3 Qe8 23. Be4 Bg5 24. Qe1 Bxb3 25. cxb3 Rxc1 26. Rxc1 Ne2+ 27. Qxe2
Bxc1 28. Be3 Bxe3+ 29. Qxe3 Qd7 30. Qg5 Qd2 31. Qxe5 Qd4+ 32. Qxd4 Rxd4 33. Bb7
a5 34. Bc6 b4 35. axb4 axb4 36. Bb5 Rd2 37. Bc4 Rxb2 38. h4 Kf8 39. Kh2 Ke7 40.
Kh3 Rc2 41. Bd5 Rc3 42. g4 Kd6 43. Bxf7 Rxf3+ 0-1

[Event "Deutsche Ländermeisterschaft 2015"]
[Site "Hannover GER"]
[Date "2015.10.04"]
[Round "3"]
[White "Kalina, Lena"]
[Black "Reuter, Elisa"]
[Result "0-1"]
[Termination "normal"]
[Board "3.8"]
[WhiteElo "1086"]
[BlackElo "1722"]
[WhiteClock "00:40:14"]
[BlackClock "00:35:51"]
[WhiteTeam "Rheinland-Pfalz"]
[BlackTeam "Thüringen"]
[PlyCount "140"]
[WhiteFideId "12988014"]
[BlackFideId "12995444"]
[EventCountry "GER"]
[EventRounds "7"]
[EventType "team-swiss"]
[EventDate "2015.10.02"]

1. e4 c5 2. Nf3 Nc6 3. c3 g6 4. d4 cxd4 5. cxd4 d6 6. Nc3 Bg7 7. Be3 Nf6 8. Bb5
O-O 9. O-O a6 10. Bd3 Nb4 11. h3 Nxd3 12. Qxd3 b5 13. Bf4 Nh5 14. Be3 Bb7 15.
Rfe1 Qd7 16. Qd2 Rac8 17. Bh6 Rc7 18. Bxg7 Kxg7 19. d5 Rfc8 20. Qd4+ Kg8 21.
Rad1 Rc4 22. Qe3 Kg7 23. e5 R8c7 24. e6 fxe6 25. dxe6 Qe8 26. Nd5 Bxd5 27. Rxd5
Nf6 28. Rd4 Rc2 29. Rd2 Qc8 30. Rxc2 Rxc2 31. Qa7 Rc7 32. Qd4 Rc1 33. Rxc1
Qxc1+ 34. Kh2 Qc5 35. Qh4 Qc4 36. Qxc4 bxc4 37. Nd4 Ne8 38. g4 Kf6 39. f4 h6
40. Kg3 Ng7 41. Kf3 Nxe6 42. Nxe6 Kxe6 43. Ke4 d5+ 44. Kd4 Kd6 45. b3 cxb3 46.
axb3 a5 47. Kd3 e5 48. fxe5+ Kxe5 49. Ke3 g5 50. Ke2 Ke4 51. Ke1 Ke3 52. Kd1
Kd3 53. Ke1 Kc3 54. Ke2 d4 55. Kd1 d3 56. Kc1 Kxb3 57. Kd2 a4 58. Kxd3 a3 59.
Ke4 a2 60. Kf5 a1=Q 61. Kg6 Qa6+ 62. Kh5 Kc4 63. h4 gxh4 64. g5 hxg5 65. Kg4 h3
66. Kg3 h2 67. Kg2 Qh6 68. Kg3 h1=Q 69. Kg4 Qf1 70. Kg3 Qh4# 0-1

[Event "Deutsche Ländermeisterschaft 2015"]
[Site "Hannover GER"]
[Date "2015.10.04"]
[Round "3"]
[White "Maj, Kornel"]
[Black "Noe, Christopher"]
[Result "0-1"]
[Termination "normal"]
[Board "4.1"]
[BlackTitle "FM"]
[WhiteElo "2039"]
[BlackElo "2407"]
[WhiteClock "00:04:10"]
[BlackClock "00:19:30"]
[WhiteTeam "Württemberg"]
[BlackTeam "Baden 1"]
[PlyCount "72"]
[WhiteFideId "1160613"]
[BlackFideId "24692018"]
[EventCountry "GER"]
[EventRounds "7"]
[EventType "team-swiss"]
[EventDate "2015.10.02"]

1. e4 c5 2. c3 b6 3. d4 Bb7 4. Nd2 e6 5. Ngf3 cxd4 6. cxd4 Nf6 7. Bd3 d6 8. O-O
Be7 9. b4 O-O 10. Bb2 Nbd7 11. Re1 Rc8 12. Qb3 Qc7 13. Rad1 Rfd8 14. Rc1 Qb8
15. Rxc8 Rxc8 16. a3 Qa8 17. Bb1 Nf8 18. e5 Nd5 19. h4 a5 20. b5 Qb8 21. Ne4
Qc7 22. Rc1 Qd8 23. h5 h6 24. Rxc8 Bxc8 25. Nfd2 Bb7 26. Nc4 dxe5 27. Nxe5 Qe8
28. Nc4 Ba8 29. Ned6 Qd8 30. Qg3 Nf6 31. Qe5 N8d7 32. Qe2 Qc7 33. Nf5 exf5 34.
Qxe7 Qxc4 35. Qd8+ Nf8 36. Qxa8 Qxb5 0-1

[Event "Deutsche Ländermeisterschaft 2015"]
[Site "Hannover GER"]
[Date "2015.10.04"]
[Round "3"]
[White "Ruff, Maximilian"]
[Black "Schmidt, Tobias"]
[Result "1/2-1/2"]
[Termination "normal"]
[Board "4.2"]
[WhiteTitle "FM"]
[WhiteElo "2318"]
[BlackElo "2121"]
[WhiteClock "00:23:02"]
[BlackClock "00:09:32"]
[WhiteTeam "Baden 1"]
[BlackTeam "Württemberg"]
[PlyCount "84"]
[WhiteFideId "1271670"]
[BlackFideId "1271683"]
[EventCountry "GER"]
[EventRounds "7"]
[EventType "team-swiss"]
[EventDate "2015.10.02"]

1. Nf3 d5 2. c4 e6 3. g3 Nf6 4. Bg2 dxc4 5. Qa4+ Bd7 6. Qxc4 Bc6 7. O-O Nbd7 8.
b3 Bd6 9. Bb2 Qe7 10. d4 Nb6 11. Qc2 Be4 12. Qc1 c5 13. dxc5 Bxc5 14. Qg5 O-O
15. Nbd2 Bg6 16. Nh4 Rfd8 17. Nxg6 hxg6 18. Rad1 Rd7 19. Ne4 Nxe4 20. Qxe7 Bxe7
21. Rxd7 Nxd7 22. Bxe4 Nc5 23. Bc2 Rd8 24. Rd1 Rxd1+ 25. Bxd1 Ne4 26. Bc2 Bf6
27. Bxf6 Nxf6 28. Kf1 Kf8 29. e3 Ke7 30. Ke2 Kd6 31. b4 Nd5 32. a3 Nc3+ 33. Kd3
Nb5 34. a4 Nc7 35. Kc4 b6 36. h4 Ne8 37. Be4 Nf6 38. Bf3 Ne8 39. Bg2 Nc7 40. f4
Ne8 41. Bf3 Nc7 42. Bg2 Na6 1/2-1/2

[Event "Deutsche Ländermeisterschaft 2015"]
[Site "Hannover GER"]
[Date "2015.10.04"]
[Round "3"]
[White "Peng, Xiang-Tobias"]
[Black "Gschnitzer, Adrian"]
[Result "1/2-1/2"]
[Termination "normal"]
[Board "4.3"]
[WhiteElo "2031"]
[BlackElo "2116"]
[WhiteClock "01:03:31"]
[BlackClock "00:26:52"]
[WhiteTeam "Württemberg"]
[BlackTeam "Baden 1"]
[PlyCount "190"]
[WhiteFideId "12964328"]
[BlackFideId "1270337"]
[EventCountry "GER"]
[EventRounds "7"]
[EventType "team-swiss"]
[EventDate "2015.10.02"]

1. e4 c5 2. Nf3 Nc6 3. d4 cxd4 4. Nxd4 g6 5. Nc3 Bg7 6. Be3 Nf6 7. Bc4 Qa5 8.
O-O O-O 9. Bb3 d6 10. h3 Bd7 11. f4 Rac8 12. Qd3 a6 13. Rae1 Rfe8 14. Nxc6 Bxc6
15. Bd4 Nd7 16. Bxg7 Kxg7 17. f5 Qc5+ 18. Kh1 Ne5 19. Qd2 Bb5 20. Rf4 g5 21.
f6+ exf6 22. Rf5 Bd7 23. Rf2 Be6 24. Ref1 Bxb3 25. axb3 Re6 26. Nd5 Nd7 27. b4
Qc4 28. Nxf6 Nxf6 29. Qxg5+ Kh8 30. Rxf6 Rg8 31. Qd2 Qxe4 32. Rxf7 Rg3 33. Kh2
Qe5 34. Qf4 Qxf4 35. R1xf4 Rg7 36. Rf8+ Rg8 37. Rxg8+ Kxg8 38. Rc4 Re2 39. Rc7
b5 40. Rc6 d5 41. Kg3 d4 42. Kf3 Rd2 43. g3 Kf7 44. Ke4 h5 45. Rxa6 Rxc2 46.
Kxd4 Rc4+ 47. Kd3 Rxb4 48. Kc3 Re4 49. Rh6 Re3+ 50. Kb4 Rxg3 51. Rxh5 Ke6 52.
h4 Kd6 53. Rh8 Rh3 54. h5 Kc6 55. h6 Rh4+ 56. Kc3 Kb6 57. h7 Kb7 58. b3 Ka7 59.
Kd3 Kb7 60. Ke3 Ka7 61. Kf3 Kb7 62. Kg3 Rh1 63. Kf4 Ka7 64. Ke5 b4 65. Kd5 Kb7
66. Kc5 Rh4 67. Kb5 Ka7 68. Kc6 Rh6+ 69. Kc7 Rh4 70. Kc6 Rh5 71. Kd6 Kb7 72.
Ke6 Rh1 73. Kd5 Rh4 74. Kc5 Ka7 75. Kb5 Kb7 76. Ka5 Ka7 77. Rc8 Rxh7 78. Kxb4
Kb7 79. Rf8 Rg7 80. Rf6 Rh7 81. Ka4 Rg7 82. b4 Rh7 83. Rf5 Ka6 84. Ra5+ Kb6 85.
Rb5+ Ka6 86. Rb8 Ka7 87. Rd8 Kb6 88. Rd6+ Kb7 89. Ka5 Rh5+ 90. b5 Rh7 91. Rc6
Rg7 92. Rc5 Rh7 93. b6 Rg7 94. Kb5 Rh7 95. Rc6 Rh5+ 1/2-1/2

[Event "Deutsche Ländermeisterschaft 2015"]
[Site "Hannover GER"]
[Date "2015.10.04"]
[Round "3"]
[White "Wiesner, Paula"]
[Black "Degenhard, Simon"]
[Result "1/2-1/2"]
[Termination "normal"]
[Board "4.4"]
[WhiteElo "2103"]
[BlackElo "1838"]
[WhiteClock "00:19:35"]
[BlackClock "00:12:33"]
[WhiteTeam "Baden 1"]
[BlackTeam "Württemberg"]
[PlyCount "128"]
[WhiteFideId "24654019"]
[BlackFideId "12944017"]
[EventCountry "GER"]
[EventRounds "7"]
[EventType "team-swiss"]
[EventDate "2015.10.02"]

1. e4 c5 2. c3 Nf6 3. e5 Nd5 4. d4 cxd4 5. Nf3 Nc6 6. cxd4 d6 7. Bc4 Nb6 8. Bb5
dxe5 9. Nxe5 Bd7 10. Nxd7 Qxd7 11. Be3 e6 12. O-O Be7 13. Nc3 O-O 14. Rc1 Rac8
15. Ne4 Qd5 16. Nc3 Qd7 17. Qb3 Bf6 18. Rfd1 Rfd8 19. Ne4 Qe7 20. Nxf6+ Qxf6
21. Bxc6 bxc6 22. Qa3 Rd7 23. Qa6 Qd8 24. Rc5 Nd5 25. Rxc6 Rxc6 26. Qxc6 Rc7
27. Qa4 Qc8 28. h3 h6 29. Rd3 Nxe3 30. fxe3 Rc2 31. Qb3 Qc6 32. d5 exd5 33.
Rxd5 Qg6 34. Rd8+ Kh7 35. Qd5 Rxb2 36. Qa8 Qe6 37. Rh8+ Kg6 38. Qf3 Rb1+ 39.
Kh2 Qd6+ 40. Qg3+ Qxg3+ 41. Kxg3 Rb2 42. Kf3 Rxa2 43. Rc8 Ra6 44. Rc7 Rf6+ 45.
Ke4 a6 46. Ra7 Kg5 47. g3 h5 48. Rc7 Kg6 49. Rc5 Rb6 50. Kf3 f6 51. Ra5 f5 52.
e4 fxe4+ 53. Kxe4 Kh6 54. Kf3 g6 55. g4 hxg4+ 56. Kxg4 Kg7 57. h4 Kf6 58. h5
gxh5+ 59. Rxh5 Ke7 60. Kf4 Re6 61. Re5 Kd6 62. Rxe6+ Kxe6 63. Ke4 a5 64. Kd3 a4
1/2-1/2

[Event "Deutsche Ländermeisterschaft 2015"]
[Site "Hannover GER"]
[Date "2015.10.04"]
[Round "3"]
[White "Stoll, Katja"]
[Black "Färber, David"]
[Result "1/2-1/2"]
[Termination "normal"]
[Board "4.5"]
[WhiteElo "1840"]
[BlackElo "2021"]
[WhiteClock "00:15:51"]
[BlackClock "00:33:10"]
[WhiteTeam "Württemberg"]
[BlackTeam "Baden 1"]
[PlyCount "109"]
[WhiteFideId "1271730"]
[BlackFideId "12971294"]
[EventCountry "GER"]
[EventRounds "7"]
[EventType "team-swiss"]
[EventDate "2015.10.02"]

1. e4 c6 2. d4 d5 3. exd5 cxd5 4. Bd3 Nc6 5. c3 Nf6 6. Bf4 Bg4 7. Qb3 Qd7 8.
Nd2 e6 9. Ngf3 Bd6 10. Bxd6 Qxd6 11. O-O O-O 12. Rfe1 Qc7 13. Ne5 Nxe5 14. Rxe5
Bh5 15. h3 Bg6 16. Bxg6 hxg6 17. Re2 a6 18. Nf3 b5 19. Ne5 Ne4 20. Nd3 Rfc8 21.
Ree1 Rab8 22. a3 Qc4 23. Qd1 a5 24. Ne5 Qc7 25. Nd3 Rb6 26. Qe2 Qc4 27. Qe3 Nd6
28. Ne5 Qc7 29. Nd3 Nf5 30. Qe5 Qc4 31. Qe2 b4 32. axb4 axb4 33. Ra4 Rcb8 34.
Rxb4 Rxb4 35. Nxb4 Qxe2 36. Rxe2 Nxd4 37. cxd4 Rxb4 38. Rd2 Kf8 39. Kf1 Ke7 40.
Ke2 Kd6 41. Kd3 f6 42. Kc3 Rc4+ 43. Kb3 e5 44. dxe5+ fxe5 45. Rd3 Rf4 46. Rg3
Rxf2 47. Rxg6+ Kc5 48. Rxg7 Kd4 49. h4 e4 50. h5 e3 51. h6 e2 52. Re7 Rxg2 53.
h7 Rh2 54. Rxe2 Rxh7 55. Kc2 1/2-1/2

[Event "Deutsche Ländermeisterschaft 2015"]
[Site "Hannover GER"]
[Date "2015.10.04"]
[Round "3"]
[White "Hund, Sarah"]
[Black "Yi, Danny"]
[Result "0-1"]
[Termination "normal"]
[Board "4.6"]
[WhiteElo "1916"]
[BlackElo "1745"]
[WhiteClock "00:04:39"]
[BlackClock "00:42:57"]
[WhiteTeam "Baden 1"]
[BlackTeam "Württemberg"]
[PlyCount "64"]
[WhiteFideId "12923338"]
[BlackFideId "12988588"]
[EventCountry "GER"]
[EventRounds "7"]
[EventType "team-swiss"]
[EventDate "2015.10.02"]

1. e4 e5 2. Bc4 Nc6 3. Nf3 Bc5 4. c3 Nf6 5. d3 d6 6. Bb3 O-O 7. Bg5 h6 8. Bh4
Be6 9. Bc2 d5 10. Qe2 d4 11. Nbd2 dxc3 12. bxc3 Bb6 13. Nf1 Ba5 14. Qd2 Bg4 15.
Ne3 Bxf3 16. gxf3 b5 17. Ng4 Nxe4 18. Nxh6+ Kh8 19. fxe4 Qxh4 20. Nf5 Qh3 21.
Rg1 g6 22. Rg3 Qh5 23. Rg5 Qxh2 24. Ng3 Qh4 25. O-O-O Bxc3 26. Rh5+ Qxh5 27.
Qxc3 Qg5+ 28. Kb1 Nd4 29. Qxc7 Rac8 30. Qd6 Nxc2 31. Nf5 gxf5 32. Qxe5+ Qg7 0-1

[Event "Deutsche Ländermeisterschaft 2015"]
[Site "Hannover GER"]
[Date "2015.10.04"]
[Round "3"]
[White "Lederer, Leia"]
[Black "Wu, Leon"]
[Result "0-1"]
[Termination "normal"]
[Board "4.7"]
[WhiteElo "1617"]
[BlackElo "1689"]
[WhiteClock "00:01:25"]
[BlackClock "00:47:25"]
[WhiteTeam "Württemberg"]
[BlackTeam "Baden 1"]
[PlyCount "120"]
[WhiteFideId "12926353"]
[BlackFideId "12977438"]
[EventCountry "GER"]
[EventRounds "7"]
[EventType "team-swiss"]
[EventDate "2015.10.02"]

1. e4 e5 2. Nf3 Nc6 3. Bb5 a6 4. Ba4 Nf6 5. O-O Nxe4 6. d4 b5 7. Bb3 d5 8. dxe5
Be6 9. c3 Be7 10. Re1 O-O 11. Nbd2 Nc5 12. Bc2 Bg4 13. Nf1 Ne6 14. Qd3 g6 15.
Ng3 Bxf3 16. Qxf3 Na5 17. Qd1 c5 18. f4 Nc7 19. f5 Bg5 20. f6 Bxc1 21. Qxc1 Kh8
22. Qh6 Rg8 23. h4 Qf8 24. Qg5 Ne6 25. Qg4 Qh6 26. Ne2 Nc4 27. Rac1 Nxe5 28.
Qg3 Nd7 29. Rf1 Nb6 30. Rf3 d4 31. Rcf1 dxc3 32. Nxc3 Nc4 33. Ne4 Nd2 34. Nxd2
Qxd2 35. R3f2 Qh6 36. Rf3 Nd4 37. R3f2 Rge8 38. Qh3 Rad8 39. g3 Re3 40. Qg2 Qf8
41. Bd1 Qd6 42. Rf4 Ne6 43. R4f3 Rxf3 44. Bxf3 Qd4+ 45. Kh2 Qxf6 46. Bb7 Qe7
47. Bxa6 Nd4 48. Bb7 Nf5 49. Qf3 Rd2+ 50. Kh3 Kg8 51. h5 Rxb2 52. Be4 Nd4 53.
Qd3 Qg5 54. g4 Re2 55. Bf3 Re3 56. Qd1 Qf4 57. Kg2 Rxf3 58. Rxf3 Qxg4+ 59. Kf2
Qxf3+ 60. Qxf3 Nxf3 0-1

[Event "Deutsche Ländermeisterschaft 2015"]
[Site "Hannover GER"]
[Date "2015.10.04"]
[Round "3"]
[White "Basovskiy, Jana"]
[Black "Zell, Hannah"]
[Result "1-0"]
[Termination "normal"]
[Board "4.8"]
[WhiteElo "1285"]
[BlackElo "1212"]
[WhiteClock "00:11:40"]
[BlackClock "00:00:54"]
[WhiteTeam "Baden 1"]
[BlackTeam "Württemberg"]
[PlyCount "65"]
[WhiteFideId "16208617"]
[BlackFideId "16208900"]
[EventCountry "GER"]
[EventRounds "7"]
[EventType "team-swiss"]
[EventDate "2015.10.02"]

1. e4 e5 2. Nf3 Nc6 3. Bc4 Bc5 4. c3 Nf6 5. d3 d6 6. Nbd2 a6 7. Bb3 Ba7 8. O-O
Ne7 9. Re1 Ng6 10. d4 O-O 11. h3 c6 12. Nf1 Nh5 13. dxe5 dxe5 14. Nxe5 Nxe5 15.
Qxh5 Ng6 16. Bg5 Qc7 17. Rad1 Be6 18. Bxe6 fxe6 19. Be3 Bxe3 20. Nxe3 b5 21.
Qg4 Qf7 22. Qg3 e5 23. Nf5 Rad8 24. b3 Kh8 25. Kf1 Nf4 26. Qg5 Rxd1 27. Rxd1
Ne6 28. Qg3 Nf4 29. Rd6 Rc8 30. Rd1 a5 31. Qf3 Rf8 32. Rd6 Rc8 33. Qg4 1-0

[Event "Deutsche Ländermeisterschaft 2015"]
[Site "Hannover GER"]
[Date "2015.10.04"]
[Round "3"]
[White "Recktenwald, Cedric"]
[Black "Heinemann, Josefine"]
[Result "0-1"]
[Termination "normal"]
[Board "5.1"]
[WhiteElo "1584"]
[BlackElo "2244"]
[WhiteClock "00:20:45"]
[BlackClock "00:53:25"]
[WhiteTeam "Saarland"]
[BlackTeam "Sachsen-Anhalt"]
[PlyCount "50"]
[WhiteFideId "12971928"]
[BlackFideId "12900460"]
[EventCountry "GER"]
[EventRounds "7"]
[EventType "team-swiss"]
[EventDate "2015.10.02"]

1. e4 c5 2. Nc3 Nc6 3. f4 g6 4. Nf3 Bg7 5. Bb5 Nd4 6. O-O Nxb5 7. Nxb5 d5 8. d3
d4 9. Na3 Nh6 10. h3 a6 11. Qe1 f5 12. e5 Nf7 13. Nc4 Be6 14. Bd2 Bxc4 15. dxc4
Qc7 16. Kh1 Nd8 17. c3 Ne6 18. cxd4 cxd4 19. b3 O-O 20. Qh4 Rad8 21. Ng5 Nxg5
22. Qxg5 Rfe8 23. h4 Qc6 24. Bb4 d3 25. Bxe7 h6 0-1

[Event "Deutsche Ländermeisterschaft 2015"]
[Site "Hannover GER"]
[Date "2015.10.04"]
[Round "3"]
[White "Sieber, Fiona"]
[Black "Haase, Dominik"]
[Result "1-0"]
[Termination "normal"]
[Board "5.2"]
[WhiteTitle "WFM"]
[WhiteElo "2167"]
[BlackElo "1467"]
[WhiteClock "00:20:59"]
[BlackClock "00:27:50"]
[WhiteTeam "Sachsen-Anhalt"]
[BlackTeam "Saarland"]
[PlyCount "55"]
[WhiteFideId "12902373"]
[BlackFideId "16208781"]
[EventCountry "GER"]
[EventRounds "7"]
[EventType "team-swiss"]
[EventDate "2015.10.02"]

1. e4 e6 2. d4 d5 3. Nc3 Bb4 4. e5 c5 5. a3 Bxc3+ 6. bxc3 Qc7 7. Qg4 f5 8. Qg3
g6 9. Bd2 Bd7 10. Bd3 Nc6 11. Nf3 Nge7 12. O-O O-O-O 13. Bh6 c4 14. Be2 f4 15.
Qxf4 Nf5 16. h3 Nxh6 17. Qxh6 Rdf8 18. Nh2 Nd8 19. Ng4 Nf7 20. Qe3 h5 21. Nf6
Qd8 22. Qg3 Be8 23. Rfb1 Nd6 24. Rb4 Nf5 25. Qg5 Rhg8 26. Rab1 Rg7 27. g4 Nd6
28. gxh5 1-0

[Event "Deutsche Ländermeisterschaft 2015"]
[Site "Hannover GER"]
[Date "2015.10.04"]
[Round "3"]
[White "Zimmer, Luca"]
[Black "Kitze, Alexander"]
[Result "0-1"]
[Termination "normal"]
[Board "5.3"]
[WhiteElo "1548"]
[BlackElo "2172"]
[WhiteClock "00:00:56"]
[BlackClock "00:07:10"]
[WhiteTeam "Saarland"]
[BlackTeam "Sachsen-Anhalt"]
[PlyCount "82"]
[WhiteFideId "12921424"]
[BlackFideId "12914827"]
[EventCountry "GER"]
[EventRounds "7"]
[EventType "team-swiss"]
[EventDate "2015.10.02"]

1. e4 c5 2. Nc3 Nc6 3. f4 g6 4. Bb5 Nd4 5. Nf3 Nxb5 6. Nxb5 d5 7. exd5 a6 8.
Nc3 Nf6 9. d3 Nxd5 10. Ne4 Bg7 11. O-O Qc7 12. c3 O-O 13. Kh1 b5 14. Qe1 Bf5
15. Qh4 h5 16. Bd2 Nf6 17. Rae1 Rad8 18. Re3 Ng4 19. Re2 Rxd3 20. h3 Bxe4 21.
hxg4 Bxf3 22. Rxf3 Rxf3 23. gxf3 Qc6 24. Kg2 hxg4 25. Qxg4 e6 26. Kg3 Rd8 27.
Qh4 Rd3 28. Rf2 b4 29. cxb4 Bxb2 30. bxc5 Qxc5 31. Qg5 Rd5 32. Qh4 Qd6 33. Be3
Rh5 34. Qg4 Bf6 35. Rh2 Rxh2 36. Kxh2 Qa3 37. Qg1 Qxa2+ 38. Kg3 Qa1 39. Qf2 Qh1
40. Qa2 Bh4+ 41. Kg4 f5# 0-1

[Event "Deutsche Ländermeisterschaft 2015"]
[Site "Hannover GER"]
[Date "2015.10.04"]
[Round "3"]
[White "Roseneck, Jonas"]
[Black "Ewerhardy, Moritz"]
[Result "1-0"]
[Termination "normal"]
[Board "5.4"]
[WhiteElo "2074"]
[BlackElo "1366"]
[WhiteClock "01:09:54"]
[BlackClock "00:57:56"]
[WhiteTeam "Sachsen-Anhalt"]
[BlackTeam "Saarland"]
[PlyCount "45"]
[WhiteFideId "12939870"]
[BlackFideId "36052086"]
[EventCountry "GER"]
[EventRounds "7"]
[EventType "team-swiss"]
[EventDate "2015.10.02"]

1. e4 c5 2. Nf3 d6 3. d4 cxd4 4. Nxd4 Nf6 5. Nc3 g6 6. Be3 Bg7 7. f3 O-O 8. Qd2
Nc6 9. g4 Nxd4 10. Bxd4 Bd7 11. O-O-O a6 12. h4 Qc7 13. Bxf6 Bxf6 14. Nd5 Qd8
15. Nxf6+ exf6 16. Qxd6 Bc6 17. Bc4 Kg7 18. h5 f5 19. gxf5 gxf5 20. Qg3+ Kh8
21. Rxd8 Raxd8 22. h6 Rg8 23. Qe5+ 1-0

[Event "Deutsche Ländermeisterschaft 2015"]
[Site "Hannover GER"]
[Date "2015.10.04"]
[Round "3"]
[White "Heil, Lisa"]
[Black "Stein, Robert"]
[Result "0-1"]
[Termination "normal"]
[Board "5.5"]
[WhiteElo "1056"]
[BlackElo "2050"]
[WhiteClock "00:02:08"]
[BlackClock "01:09:57"]
[WhiteTeam "Saarland"]
[BlackTeam "Sachsen-Anhalt"]
[PlyCount "118"]
[WhiteFideId "16214412"]
[BlackFideId "12921084"]
[EventCountry "GER"]
[EventRounds "7"]
[EventType "team-swiss"]
[EventDate "2015.10.02"]

1. e4 e5 2. Nf3 Nc6 3. Bc4 Bc5 4. O-O d6 5. d3 Nf6 6. Nc3 a6 7. Bg5 h6 8. Be3
Bg4 9. h3 Bh5 10. a3 Nd4 11. Bxd4 Bxd4 12. Qe2 Ba7 13. Rad1 Qd7 14. b4 g5 15.
Nd5 Nxd5 16. Bxd5 O-O-O 17. g4 Bg6 18. Nh2 h5 19. c3 Kb8 20. d4 hxg4 21. hxg4
Qe7 22. a4 Qf6 23. Qe3 Rh4 24. f3 Rdh8 25. Rf2 Rh3 26. b5 a5 27. Rdd2 Bb6 28.
Kh1 Qe7 29. Qe2 f6 30. Rg2 Be8 31. Rf2 Bd7 32. Rg2 Qg7 33. Qf2 R8h7 34. Qe2 Qh8
35. Qf2 Bc8 36. Qe2 exd4 37. cxd4 f5 38. gxf5 Bxd4 39. Rc2 Be5 40. Kg1 Bf4 41.
Rb2 Rxh2 42. Rxh2 Rxh2 43. Qxh2 Bxh2+ 44. Rxh2 Qg7 45. Rg2 Bxf5 46. exf5 Qd4+
47. Kh2 Qxd5 48. Rxg5 Qxf3 49. Rg8+ Ka7 50. Rg7 Qxf5 51. Rxc7 d5 52. Rg7 Qe5+
53. Rg3 d4 54. Kg2 Qe2+ 55. Kh3 d3 56. Rg1 d2 57. b6+ Ka6 58. Rg2 Qxg2+ 59.
Kxg2 d1=Q 0-1

[Event "Deutsche Ländermeisterschaft 2015"]
[Site "Hannover GER"]
[Date "2015.10.04"]
[Round "3"]
[White "Biastoch, Bennet"]
[Black "Heil, Valerie"]
[Result "1-0"]
[Termination "normal"]
[Board "5.6"]
[WhiteElo "2006"]
[BlackElo "1313"]
[WhiteClock "01:20:32"]
[BlackClock "00:17:00"]
[WhiteTeam "Sachsen-Anhalt"]
[BlackTeam "Saarland"]
[PlyCount "29"]
[WhiteFideId "12939889"]
[BlackFideId "16208790"]
[EventCountry "GER"]
[EventRounds "7"]
[EventType "team-swiss"]
[EventDate "2015.10.02"]

1. e4 e5 2. Nf3 Nc6 3. Bc4 Bc5 4. c3 Nf6 5. d4 exd4 6. e5 Qe7 7. O-O Ng4 8.
cxd4 Bb6 9. Nc3 Qd8 10. Bg5 f6 11. exf6 Nxf6 12. Re1+ Kf8 13. Nd5 d6 14. Nxf6
gxf6 15. Bh6# 1-0

[Event "Deutsche Ländermeisterschaft 2015"]
[Site "Hannover GER"]
[Date "2015.10.04"]
[Round "3"]
[White "Unbehend, Marius"]
[Black "Post, Hugo"]
[Result "0-1"]
[Termination "normal"]
[Board "5.7"]
[WhiteElo "863"]
[BlackElo "1748"]
[WhiteClock "00:52:49"]
[BlackClock "01:00:16"]
[WhiteTeam "Saarland"]
[BlackTeam "Sachsen-Anhalt"]
[PlyCount "62"]
[WhiteFideId "16214420"]
[BlackFideId "12962490"]
[EventCountry "GER"]
[EventRounds "7"]
[EventType "team-swiss"]
[EventDate "2015.10.02"]

1. e4 c5 2. d4 cxd4 3. c3 d3 4. Bxd3 Nc6 5. Nf3 g6 6. Bf4 Bg7 7. Qb3 d6 8. Ng5
e6 9. Nf3 Nf6 10. Nbd2 O-O 11. Qc2 b6 12. O-O-O Bb7 13. h4 h5 14. Bg5 Qd7 15.
Bxf6 Bxf6 16. Rdg1 Rac8 17. Bc4 d5 18. Bb5 Qc7 19. Bxc6 Bxc6 20. g4 dxe4 21.
Nxe4 Qf4+ 22. Ned2 Bxf3 23. Rh3 Bxg4 24. Rhg3 Rfd8 25. f3 Bf5 26. Qd1 Bxc3 27.
bxc3 Rxc3+ 28. Kb2 Rxd2+ 29. Kxc3 Qd4+ 30. Kb3 Rb2+ 31. Ka3 Qb4# 0-1

[Event "Deutsche Ländermeisterschaft 2015"]
[Site "Hannover GER"]
[Date "2015.10.04"]
[Round "3"]
[White "Stowicek, Yara Mathilda"]
[Black "Huppert, Anna"]
[Result "1-0"]
[Termination "normal"]
[Board "5.8"]
[WhiteElo "1485"]
[BlackElo "967"]
[WhiteClock "01:18:02"]
[BlackClock "01:14:42"]
[WhiteTeam "Sachsen-Anhalt"]
[BlackTeam "Saarland"]
[PlyCount "111"]
[WhiteFideId "16203569"]
[BlackFideId "16214439"]
[EventCountry "GER"]
[EventRounds "7"]
[EventType "team-swiss"]
[EventDate "2015.10.02"]

1. e4 e6 2. d4 d5 3. exd5 exd5 4. Bd3 Nc6 5. Ne2 Bd6 6. Nbc3 Nge7 7. O-O O-O 8.
Re1 Bg4 9. f3 Be6 10. Be3 Nf5 11. Bxf5 Bxf5 12. Nxd5 Qh4 13. Bf4 Bxf4 14. Nexf4
Rae8 15. c3 Bc2 16. Qd2 a6 17. Rxe8 Rxe8 18. g3 Qg5 19. Qxc2 Qd8 20. Rd1 Ne7
21. Re1 Nxd5 22. Rxe8+ Qxe8 23. Nxd5 c6 24. Nf4 Qe3+ 25. Kg2 g6 26. Qe2 Qxe2+
27. Nxe2 h5 28. a4 a5 29. Kf2 f5 30. Ke3 g5 31. b3 b6 32. c4 Kf7 33. f4 Kf6 34.
d5 cxd5 35. cxd5 h4 36. fxg5+ Kxg5 37. gxh4+ Kxh4 38. d6 Kg5 39. d7 f4+ 40.
Nxf4 Kg4 41. d8=R Kf5 42. Re8 Kf6 43. Rg8 Kf7 44. Rg6 Ke7 45. Rxb6 Kf7 46. Ra6
Ke7 47. Rxa5 Kd6 48. h4 Kc6 49. h5 Kd6 50. h6 Kc6 51. h7 Kd6 52. h8=Q Kc6 53.
Qh6+ Kb7 54. Rg5 Kc7 55. Rg7+ Kd8 56. Qh8# 1-0